banner-ar

اضواء على تاريخ القوى السياسية فى شبه الجزيرة العربية و جوارها الاقليمى / (Record no. 62179)

MARC details
000 -الفاتح
حقل البيانات ثابتة الطول 00888nam a22002057a 4500
005 - وقت وتاريخ اخر تعامل مع التسجيلة
رقم الضبط 20240530110535.0
008 - عناصر البيانات ثابتة الطول - معلومات عامة
حقل البيانات ثابتة الطول 160330s2011 su g 000 0 ara d
040 ## - مصدر الفهرسة
وكالة الفهرسة الأصلية EG-CaGPL
082 04 - رقم تصنيف ديوى العشرى
رقم الطبعة 21
رقم التصنيف 953.091\
رقم المادة ص أ
100 0# - المدخل الرئيسى - إسم شخصى
الإسم الشخصى صالح حسن المسلوت .
245 10 - بيان العنوان
العنوان اضواء على تاريخ القوى السياسية فى شبه الجزيرة العربية و جوارها الاقليمى /
بيان المسئوليه,etc صالح حسن المسلوت .
250 ## - بيان الطبعة
بيان الطبعة ط1.
260 ## - PUBLICATION, DISTRIBUTION, ETC. (IMPRINT)
تاريخ النشر أو التوزيع 2011 .
300 ## - الوصف المادى
التعداد 171 ص ؛
أبعاد الوعاء 24 سم .
504 ## - تبصرة ببليوجرافية
تبصرة ببليوجرافية,الخ يشتمل على ارجاعات ببليوجرافية .
651 04 - المدخل الاضافى بالموضوع - اسم جغرافى
الاسم الجغرافي شبه الجزيرة العربية
التقسيم الفرعي العام تاريخ
التقسيم الفرعي الزمني العصر الحديث .
651 04 - المدخل الاضافى بالموضوع - اسم جغرافى
الاسم الجغرافي شبه الجزيرة العربية
التقسيم الفرعي العام علاقات خارجية .
942 ## - عناصر المدخل الإضافي( كوها)
مصدر التصنيف او مخطط الترفيف Dewey Decimal Classification
Koha [default] item type كتاب
260 ## - PUBLICATION, DISTRIBUTION, ETC. (IMPRINT)
-- الدمام :
-- مكتبة المتنبى ،
Holdings
حالة التراجع حالة الفقد حالة تلف ليس للاعارة المكان المؤقت الموقع الحالى تاريخ الاكتساب اجمالي اﻻعارات رقم الطلب الباركود تاريخ اخر مشاهدة تاريخ تفعيل السعر نوع وعاء كوها
        مكتبة القاهرة الكبرى مكتبة القاهرة الكبرى 03/30/2016   953.091\ ص أ 161743 03/30/2016 03/30/2016 كتاب

Powered By

EGPV